000 00462 a2200169 4500
001 191855
020 _a978-85-359-2480-0
040 _cMagnum
100 _aChang, Jung
240 1 0 _aA imperatriz de ferro: a concubina que criou a china moderna
_lpor
245 1 0 _aA imperatriz de ferro: a concubina que criou a china moderna
300 _a516
362 0 _a2014
440 1 _aCompanhia das Letras
697 _aLITERATURA GERAL ESTRANGEIRA
942 _cBK
999 _c191855
_d191855